| 000 | 00000nam 22000008a 4500 |
| 001 | 9.838871 |
| 003 | CaOODSP |
| 005 | 20221107151459 |
| 007 | cr ||||||||||| |
| 008 | 170623s2017 onc o f000 0 eng d |
| 020 | |a978-0-660-08893-8 |
| 040 | |aCaOODSP|beng |
| 043 | |an-cn--- |
| 086 | 1 |aA118-10/3-2015E-PDF |
| 245 | 00|aCrop profile for field pea in Canada, 2015 |h[electronic resource] / |cprepared by Pesticide Risk Reduction Program, Pest Management Centre, Agriculture and Agri-Food Canada. |
| 250 | |a3rd ed., 2017. |
| 260 | |a[Ottawa] : |bAgriculture and Agri-Food Canada, |cc2017. |
| 300 | |a62 p. |
| 500 | |aIssued also in French under title: Profil du pois de grande culture au Canada, 2015. |
| 500 | |aCover title. |
| 504 | |aIncludes bibliographical references. |
| 692 | 07|2gccst|aCrops |
| 710 | 1 |aCanada. |bAgriculture and Agri-Food Canada. |
| 710 | 2 |aPesticide Risk Reduction Program (Canada) |
| 775 | 08|tProfil du pois de grande culture au Canada, 2015 |w(CaOODSP)9.838874 |
| 795 | |tCrop profile for field pea in Canada |w(CaOODSP)9.690839 |
| 856 | 40|qPDF|s1.21 MB|uhttps://publications.gc.ca/collections/collection_2017/aac-aafc/A118-10-3-2015-eng.pdf |
| 986 | |aAAFC No.: 12686E |